000 00793nam a2200253Ia 4500
003 OSt
005 20220918165720.0
006 a|||||r|||| 00| 0
007 ta
008 220917b |||||||| |||| 00| 0 eng d
020 _a8170463033 (hbk)
_c1100
024 _a236,678
037 _b290, 08/12/2008, Bharatiya Sahitya Bhavana
_cTextual
040 _aARTS
_cARTS
_beng
041 _2eng
_aeng
082 _aY73(P15), N2.16,1,2
100 _aSingh K. S. Ed.
_96235
245 0 _aBihar including Jharkhand
260 _aCalcutta
_bAnthropological Survery of India India
_c1992
490 _aPeople of India
650 _aSOCIOLOGY
942 _hY73(P15), N2.16,1,2
_cTEXL
_2CC
999 _c130839
_d130839